| 000 | 00000nam##2200000za#4500 |
| 001 | 9.687860 |
| 003 | CaOODSP |
| 005 | 20210624231151 |
| 007 | cr ||||||||||| |
| 008 | 150407|2005||||xxc|||||o f|0| 0 eng|d |
| 040 | |aCaOODSP|beng |
| 043 | |an-cn--- |
| 086 | 1 |aSW21-131/2005E-PDF |
| 110 | 1 |aCanada. |bStatus of Women Canada. |
| 245 | 10|aWomen and war : |h[electronic resource]|bcontributions and consequences |
| 260 | |aOttawa - Ontario : |bStatus of Women Canada |c[2005]. |
| 300 | |a16p. |
| 500 | |a"Women's history month, October 2005". |
| 590 | |a05-42|b2005-10-21 |
| 690 | 07|aStatus of women|2gcpds |
| 690 | 07|aWar|2gcpds |
| 775 | 08|tLes femmes et la guerre : |w(CaOODSP)9.632300 |
| 776 | 0#|tWomen and war : |w(CaOODSP)9.666965 |
| 776 | 0#|tLes femmes et la guerre : |w(CaOODSP)9.666966 |
| 856 | 40|ahttp://publications.gc.ca|qPDF|s165 KB|uhttps://publications.gc.ca/collections/Collection/SW21-131-2005E.pdf |